Debon, Günther: Mein Haus liegt menschenfern doch nah den Dingen

Podrobná bibliografia
Hlavný autor: Gálik, Marián, 1933-2024 (Autor)
Médium: Článok
Jazyk:nemčina
Predmet:

MARC

LEADER 00000nab a2200000 a 4500
001 vtls000423649
003 SK-MaSNL
005 20260304012235.0
008 230223c1991 xo 0 ger
015 |a SNBRA19rr/mm-uuuuu 
035 |a CL0423777 
035 |a urn:nbn:sk:snk-ab74zs 
035 |a (uuid)5612eeea-0946-440e-9134-d56c8c5f7787 
035 |a (urnnbn)urn:nbn:sk:snk:ar-a06vba 
035 |a (sysno)vtls000423649 
040 |a SNKBUCL  |b slo  |c SNKBUCL  |e AACR2 
041 0 |a ger 
044 |a xo  |c SK 
080 |a 82(091):895.1(048)=30  |2 1981 
080 |a 895.1(048)=30  |2 1981 
080 |a 895.1(091)(048)  |2 1981 
100 1 |a Gálik, Marián,  |d 1933-2024  |4 aut  |9 92472 
245 1 0 |a Debon, Günther: Mein Haus liegt menschenfern doch nah den Dingen  |c Marián Gálik 
650 0 7 |a čínska poézia  |2 snkbucl  |9 89353 
655 7 |a články zo zborníkov  |2 snkbucl  |9 166140 
655 7 |a články z odboru literárna veda a krásna literatúra  |2 snkbucl  |9 770045 
773 0 |t Asian and African studies 26  |d Bratislava : Veda, 1991 
787 0 8 |i Rec.:  |a Debon, Günther  |t Mein Haus liegt menschenfern doch nah den Dingen  |d München : Eugen Diederichs Verlag, 1988 
850 |a Slovenská národná knižnica v Martine  |a MTA001 
852 |a SNK  |b KIS3GCP 
958 |a RK 
958 |a LX 
958 |a OND 
958 |a EUIPO 
958 |a article27 
992 |a RZB 
999 |c 2570669  |d 2572599